000 00564nam a2200205Ia 4500
005 20260429111925.0
008 260429s9999||||xx |||||||||||||| ||und||
020 _a9789386559913
041 _aEnglish
082 _a530
_bKUM
100 _aKumar, Ashok
245 0 _aOverview of basic theoretical physics /
_cAshok Kumar
250 _a1st ed.
260 _aNew Delhi :
_bVenus Books, Publishers & Distributors,
_c2023.
300 _ax, 300 p.; hb
650 _a Mathematical physics
650 _a Physics
650 _aTheoretical physics
942 _cTB
999 _c51448
_d51448